| 000 | 00918nam a2200289Ia 4500 | ||
|---|---|---|---|
| 003 | OSt | ||
| 005 | 20221006153343.0 | ||
| 006 | a|||||r|||| 00| 0 | ||
| 007 | ta | ||
| 008 | 221006b |||||||| |||| 00| 0 jpn d | ||
| 020 | _c¥1800 | ||
| 024 | _a32,093 | ||
| 037 |
_bGift, Mr. Takatsugu Hayashi _cTextual |
||
| 040 |
_aEASL _cEASL _bjpn |
||
| 041 |
_2jpn _ajpn |
||
| 082 | _aW0aX.42, N4 | ||
| 100 | _aWOLFEREN Karel van | ||
| 245 | 0 | _aNingen o kofuku ni shinai nihon toiu shisutemu = False realities of a politicized society | |
| 260 |
_aTokyo _bMainichi Shinbunsha Japan _c1994 |
||
| 300 |
_a348p. _ccm. |
||
| 490 | _v JL | ||
| 650 | _aJL | ||
| 700 |
_a SHINOHARA Masaru Tr. _9663531 |
||
| 700 |
_a VAN WOLFEREN Karel _9663532 |
||
| 942 |
_hW0aX.42, N4 _cTEXL _2CC |
||
| 999 |
_c1100179 _d1100179 |
||